[Event "New Delhi Parsvnath op 6th"]
[Site "New Delhi"]
[Date "2008.01.13"]
[Round "1"]
[White "Vaibhav, Khanna"]
[Black "Sriram, Jha"]
[Result "0-1"]
[WhiteElo "1899"]
[BlackElo "2457"]
[PlyCount "90"]
[EventDate "2008.01.13"]
[EventType "swiss"]
[EventRounds "10"]
[EventCountry "IND"]
[SourceTitle "CBM 122 Extra"]
[Source "ChessBase"]
[SourceDate "2008.03.04"]
[SourceVersion "1"]
[SourceVersionDate "2008.03.04"]
[SourceQuality "1"]

1. e4 c5 2. c3 Nf6 3. e5 Nd5 4. d4 cxd4 5. cxd4 e6 6. Nf3 b6 7. Bc4 Bb7 8. Bxd5 Bxd5 9. Nc3 Bb7 10. 0-0 d5 11. Bg5 Qd7 12. Rc1 h6 13. Bh4 Nc6 14. Re1 Ne7 15. Qe2 Nf5 16. Nb5 Bc6 17. Nc3 Nxh4 18. Nxh4 Be7 19. Qg4 g5 20. Nf3 h5 21. Qg3 g4 22. Nd2 0-0-0 23. a4 Kb7 24. a5 Bb5 25. axb6 axb6 26. Nxb5 Qxb5 27. Qf4 Rd7 28. Rc3 Bb4 29. Rc2 Ra8 30. Rec1 Qd3 31. Qe3 Qb5 32. g3 Bf8 33. Kg2 Qb4 34. Qc3 Qxc3 35. Rxc3 Ra4 36. Nb3 Bb4 37. Rc8 Ra2 38. R8c2 Be7 39. h3 Ra4 40. hxg4 hxg4 41. Rh1 Rb4 42. Rc3 Rc7 43. Rh7 Bd8 44. Rd3 f5 45. exf6 Rxh7 0-1

[Event "Commonwealth-ch"]
[Site "New Delhi"]
[Date "2007.12.08"]
[Round "8"]
[White "Anusha, NLV"]
[Black "Vaibhav, Khanna"]
[Result "1-0"]
[WhiteElo "1843"]
[BlackElo "1864"]
[PlyCount "81"]
[EventDate "2007.12.03"]
[EventType "swiss"]
[EventRounds "10"]
[EventCountry "IND"]
[SourceTitle "CBM 121 Extra"]
[Source "ChessBase"]
[SourceDate "2008.01.10"]
[SourceVersion "1"]
[SourceVersionDate "2008.01.10"]
[SourceQuality "1"]

1. Nf3 Nf6 2. d4 g6 3. Nbd2 d5 4. e3 Bg7 5. Bd3 0-0 6. 0-0 Nbd7 7. e4 c5 8. e5 Ne4 9. c3 Nxd2 10. Bxd2 c4 11. Bc2 b5 12. Ng5 Qb6 13. Qf3 Qc6 14. Rfe1 f6 15. Nxh7 fxe5 16. Nxf8 e4 17. Qg3 Nxf8 18. f3 Bf5 19. fxe4 dxe4 20. Qe3 e5 21. dxe5 Rd8 22. Rad1 Ne6 23. Bxe4 Bxe4 24. Qxe4 Qxe4 25. Rxe4 Bh6 26. Bxh6 Rxd1+ 27. Kf2 Rb1 28. Re2 Nc5 29. e6 Rxb2 30. Rxb2 Nd3+ 31. Ke3 Nxb2 32. Kd4 Na4 33. g4 a5 34. h4 Nb6 35. Kc5 Na4+ 36. Kd6 Nxc3 37. e7 Ne4+ 38. Ke5 Kf7 39. Kxe4 Kxe7 40. Bg5+ Ke6 41. Kd4 1-0

[Event "Commonwealth-ch"]
[Site "New Delhi"]
[Date "2007.12.03"]
[Round "2"]
[White "Singh, DP."]
[Black "Vaibhav, Khanna"]
[Result "1-0"]
[WhiteElo "2371"]
[BlackElo "1864"]
[PlyCount "51"]
[EventDate "2007.12.03"]
[EventType "swiss"]
[EventRounds "10"]
[EventCountry "IND"]
[SourceTitle "CBM 121 Extra"]
[Source "ChessBase"]
[SourceDate "2008.01.10"]
[SourceVersion "1"]
[SourceVersionDate "2008.01.10"]
[SourceQuality "1"]

1. d4 Nf6 2. Nf3 g6 3. Bg5 Ne4 4. Bh4 Bg7 5. e3 0-0 6. Bd3 d5 7. 0-0 c6 8. c4 f5 9. Nc3 h6 10. Rc1 g5 11. Bg3 e6 12. Be5 Nd7 13. Bxg7 Kxg7 14. Ne5 Qf6 15. f4 g4 16. Bxe4 dxe4 17. Ne2 h5 18. h3 Qh6 19. hxg4 hxg4 20. Ng3 c5 21. Kf2 Nxe5 22. dxe5 Qh4 23. Rc2 b6 24. Rd2 Qe7 25. Rh1 Rh8 26. Nh5+ 1-0